000 03291cam a2200361 4500500
005 20260329013837.0
041 _afre
042 _adc
100 1 0 _aMartin, Élise
_eauthor
245 0 0 _aS’adapter au terrain et aux enquêté-es à l’aide d’un outil sensible et ludique – retour sur la création d’un memory photo-géographique
260 _c2026.
500 _a30
520 _aL’article revient sur un outil créé sur le terrain dans le cadre d’une recherche doctorale menée auprès de personnes en situation de vulnérabilité, à savoir des personnes exilées et des personnes en situation de handicap accueillies dans des dispositifs d’accueil et établissements et services médico-sociaux. Le memory géographique s’inspire du jeu simple qui consiste à retrouver à tour de rôle des paires (deux mêmes images). Le jeu qui repose sur la photo elicitation à partir de clichés pris sur le terrain (commerces, lieux publics, infrastructures de loisirs, sites touristiques remarquables) permet de faire parler les enquêté-es de et sur leurs pratiques spatiales et ainsi interroger leur espace vécu. Grâce au climat de confiance qu’il instaure, l’outil donne accès aux connaissances que les personnes ont du territoire et aux émotions associées à certains lieux. Assorti à une pratique immersive du terrain et à des méthodes ethnographiques plus classiques, il facilite l’élaboration d’un lien horizontal avec les personnes et permet de décaler les cadres spatiaux et temporels de vies rythmées par les institutions.
520 _a‪The article discusses a tool created in the field as part of a doctoral research conducted with vulnerable individuals, specifically exiled persons and people with disabilities housed in reception facilities and socio-medical establishments and services. The geographical memory tool is inspired by a simple game that involves collecting most pairs of cards (two identical images). This game, which is based on photo elicitation from pictures taken in the field (shops, public places, recreational facilities, notable tourist sites), allows interviewees to discuss their spatial practices and thus interrogate their lived space. Thanks to the climate of trust it establishes, the tool provides access to the knowledge that individuals have of their territory and the emotions associated with certain places. Coupled with an immersive field practice and more traditional ethnographic methods, it facilitates the development of a horizontal relationship with individuals and allows for a shift in the spatial and temporal frameworks of lives often regulated by institutions.‪
690 _aémotions
690 _aexil
690 _ahandicap
690 _ajeu
690 _améthodes sensibles
690 _aphoto elicitation
690 _asavoirs ordinaires
690 _avulnérabilité
690 _adisability
690 _aemotions
690 _aexile
690 _agame
690 _aordinary knowledge
690 _aphoto elicitation
690 _asensory methods
690 _avulnerability
786 0 _nNorois | 276 | 1 | 2026-03-16 | p. 99-114 | 0029-182X
856 4 1 _uhttps://shs.cairn.info/revue-norois-2026-1-page-99?lang=fr&redirect-ssocas=7080
999 _c1883919
_d1883919